00297nam a2200133Ia 4500008004100000041000800041082001600049100001800065245000900083250001400092260003600106300001000142365001100152240624s9999 xx 000 0 und d aeng a891.43 RAN  aRANA MUNAWWAR aMAAN a(7th ed.) c2012aNew DelhibVani Prakashan a94 p. cRSb20